000 00259nam a22001217a 4500
020 _a1-8464-6123-5
082 _a823
_bLAD/C
100 _aLADY BIRD
245 _aTHE COSTUME BALL
260 _aENGLAND
_bLADY BIRD
650 _aENGLISH SHORT STORY
942 _cBK
999 _c2062
_d2062